00489nam a22001697a 4500003000400000005001700004008004100021020001500062040002900077050001600106100002000122245002500142260007900167300000800246650003100254650003400285OSt20250924100448.0250924b |||||||| |||| 00| 0 eng d a087353297x cChuka University Library aQA 159.A44  aEdgar l.Edwards aAlgebra for Everyone aUnited State Of AmericabNational Council Of Teachers Of Mathematicsc1990 a89p aAlgebra-study and teaching aMathematics edudacation trust